[Event "Wch U18 blitz"]
[Site "Batumi"]
[Date "2023.06.11"]
[Round "8"]
[White "Gongliashvili, Zurab"]
[Black "Grebnev, Aleksey"]
[Result "0-1"]
[WhiteElo "1795"]
[BlackElo "2419"]
[PlyCount "44"]
[EventDate "2023.06.10"]
[EventType "swiss (blitz)"]
[EventRounds "11"]
[EventCountry "GEO"]
[SourceTitle "EXT 2024"]
[Source "ChessBase"]
[SourceDate "2023.10.10"]
[SourceVersion "1"]
[SourceVersionDate "2023.10.10"]
[SourceQuality "1"]
[WhiteTeam "Georgia"]
[BlackTeam "Russia"]
[WhiteTeamCountry "GEO"]
[BlackTeamCountry "RUS"]

1. c4 Nf6 2. g3 c5 3. Bg2 g6 4. Nc3 Bg7 5. d3 0-0 6. e4 Nc6 7. Nge2 d6 8. h3 Ne8 9. Be3 Nd4 10. 0-0 Nc7 11. f4 Rb8 12. Rb1 b5 13. cxb5 Ncxb5 14. Nxb5 Nxb5 15. d4 cxd4 16. Nxd4 Bd7 17. Re1 Qa5 18. a3 Rfc8 19. Nxb5 Bxb5 20. Bd4 Ba4 21. b3 Bxb3 22. Qd3 Bc2 0-1

[Event "Wch U18 blitz"]
[Site "Batumi"]
[Date "2023.06.11"]
[Round "9"]
[White "Gongliashvili, Zurab"]
[Black "Siniauski, Artsiom"]
[Result "0-1"]
[WhiteElo "1795"]
[BlackElo "2065"]
[PlyCount "125"]
[EventDate "2023.06.10"]
[EventType "swiss (blitz)"]
[EventRounds "11"]
[EventCountry "GEO"]
[SourceTitle "EXT 2024"]
[Source "ChessBase"]
[SourceDate "2023.10.10"]
[SourceVersion "1"]
[SourceVersionDate "2023.10.10"]
[SourceQuality "1"]
[WhiteTeam "Georgia"]
[BlackTeam "FIDE"]
[WhiteTeamCountry "GEO"]

1. b3 e5 2. Bb2 Nc6 3. e3 Nf6 4. Bb5 d6 5. d4 e4 6. d5 a6 7. Bxc6+ bxc6 8. dxc6 Be7 9. Ne2 0-0 10. Nd4 d5 11. Qd2 Bd6 12. a4 Be6 13. Ba3 Ng4 14. Bxd6 Qxd6 15. h3 Ne5 16. Qc3 f5 17. Nd2 Rab8 18. Rd1 f4 19. exf4 Rxf4 20. Ne2 Ng6 21. Nxf4 Nxf4 22. Nxe4 Qe7 23. Qf3 Rf8 24. 0-0 dxe4 25. Qxe4 Qf6 26. Rde1 Bd5 27. Qe5 Bxg2 28. Qxf6 gxf6 29. Re7 Bxf1 30. Kxf1 Rf7 31. Re3 Kf8 32. c4 Re7 33. Rf3 Nh5 34. b4 Re4 35. Rc3 Ke7 36. a5 Nf4 37. b5 axb5 38. cxb5 Rb4 39. Rc1 Rxb5 40. Ra1 Rb8 41. Ra4 Ne6 42. Rh4 Kd6 43. Rxh7 Rb5 44. Rf7 f5 45. h4 Rxa5 46. h5 f4 47. h6 Rh5 48. Rf6 Ke5 49. Rg6 Kf5 50. Rg8 Rxh6 51. Ke2 Rh3 52. Rc8 Rc3 53. Ra8 Rxc6 54. Ra5+ Kf6 55. Kf3 Rc3+ 56. Kg4 c5 57. f3 Rc1 58. Ra2 Rg1+ 59. Kh4 Rg3 60. Ra3 Nd4 61. Ra6+ Ke5 62. Ra5 Nxf3+ 63. Kh5 0-1

[Event "Wch U18 rapid"]
[Site "Batumi"]
[Date "2023.06.07"]
[Round "6"]
[White "Gongliashvili, Zurab"]
[Black "Badacsonyi, Frankie"]
[Result "0-1"]
[WhiteElo "1765"]
[BlackElo "1966"]
[PlyCount "86"]
[EventDate "2023.06.06"]
[EventType "swiss (rapid)"]
[EventRounds "11"]
[EventCountry "GEO"]
[SourceTitle "CBM 214 Extra"]
[Source "ChessBase"]
[SourceDate "2023.07.31"]
[SourceVersion "1"]
[SourceVersionDate "2023.07.31"]
[SourceQuality "1"]

1. c4 e5 2. g3 Nf6 3. Bg2 Nc6 4. Nc3 Bb4 5. Nd5 Bc5 6. d3 h6 7. Nf3 d6 8. 0-0 0-0 9. Nd2 a6 10. Nxf6+ Qxf6 11. Ne4 Qg6 12. Nxc5 dxc5 13. Be3 Nd4 14. f4 exf4 15. Rxf4 Ne6 16. Rf2 Nd4 17. b4 Re8 18. Be4 f5 19. Bd5+ Kh8 20. Qd2 c6 21. bxc5 Rxe3 22. Qxe3 Nc2 23. Qe7 cxd5 24. Rc1 Nd4 25. Qd8+ Kh7 26. cxd5 f4 27. Qh4 Bg4 28. Re1 Nf5 29. Qxg4 Qxg4 30. Rxf4 Qg6 31. Ref1 Ne3 32. R1f3 Nxd5 33. Rd4 Nf6 34. e4 Qh5 35. Rf5 Qd1+ 36. Kg2 Qe2+ 37. Rf2 Qe3 38. Rb4 Ng4 39. Rfb2 Qxd3 40. Rxb7 Qxe4+ 41. Kh3 Ne3 42. R7b4 Qe6+ 43. g4 Rb8 0-1

[Event "GEO-ch 1st League 80th"]
[Site "Tbilisi"]
[Date "2021.03.29"]
[Round "1"]
[White "Gongliashvili, Zurab"]
[Black "Akhvlediani, Irakli"]
[Result "0-1"]
[WhiteElo "1741"]
[BlackElo "2355"]
[PlyCount "64"]
[EventDate "2021.03.29"]
[EventType "swiss"]
[EventRounds "9"]
[EventCountry "GEO"]
[SourceTitle "CBM 202 Extra"]
[Source "ChessBase"]
[SourceDate "2021.07.31"]
[SourceVersion "1"]
[SourceVersionDate "2021.07.31"]
[SourceQuality "1"]

1. d4 Nf6 2. Nf3 g6 3. c4 Bg7 4. Nc3 0-0 5. e4 d6 6. h3 e5 7. Be3 exd4 8. Nxd4 Re8 9. Qc2 Nbd7 10. 0-0-0 Nc5 11. f3 Bd7 12. g4 Qc8 13. Be2 a5 14. Rhg1 a4 15. g5 Nh5 16. f4 a3 17. b3 Na6 18. Bxh5 Nb4 19. Qd2 gxh5 20. f5 c5 21. f6 cxd4 22. Bxd4 Bf8 23. g6 hxg6 24. Qf4 Kh7 25. Kb1 Nc6 26. Be3 Ra5 27. c5 Rxc5 28. Bxc5 dxc5 29. Rd5 Bh6 30. Rxh5 gxh5 31. Rg7+ Bxg7 32. Qg5 Bh6 0-1